Á lódáil...
Kamayani
| Príomhúdar: | |
|---|---|
| Formáid: | Printed Book |
| Foilsithe: |
Allahabad, Bharathi Bhandir
1973
|
| Ábhair: |
| LEADER | 004870000a22001690004500 | ||
|---|---|---|---|
| 022 | |a 25-07-2004 | ||
| 041 | |a Hindi | ||
| 082 | |a 891.431 PRA/K L3 | ||
| 100 | |a Prasad, Jayashankar | ||
| 245 | |a Kamayani | ||
| 260 | |a Allahabad, Bharathi Bhandir | ||
| 260 | |c 1973 | ||
| 650 | |a Hindi literature | ||
| 650 | |a Poetry | ||
| 942 | |c BK | ||
| 999 | |c 145265 |d 145261 | ||
| 952 | |0 0 |1 0 |4 0 |6 891_431000000000000_PRA_K_L3 |7 0 |9 144040 |a SCC |b SCC |d 2017-10-11 |l 0 |o 891.431 PRA/K L3 |p SCC01471 |r 2017-10-11 |w 2017-10-11 |y BK | ||